[Event "Zdar nad Sazavou Vysocina op 8th"]
[Site "Zdar nad Sazavou"]
[Date "2011.09.30"]
[Round "8"]
[White "Sykora, Milan"]
[Black "Jelinek, Vaclav"]
[Result "1-0"]
[WhiteElo "1832"]
[BlackElo "2041"]
[PlyCount "87"]
[EventDate "2011.09.24"]
[EventType "swiss"]
[EventRounds "9"]
[EventCountry "CZE"]
[SourceTitle "CBM 144 Extra"]
[Source "ChessBase"]
[SourceDate "2011.10.28"]
[SourceVersion "1"]
[SourceVersionDate "2011.10.28"]
[SourceQuality "1"]

1. e4 g6 2. f4 Bg7 3. Nc3 d6 4. Nf3 Nf6 5. Bc4 0-0 6. d3 c6 7. h3 b5 8. Bb3 a5 9. a4 b4 10. Ne2 Qb6 11. Ng3 Nbd7 12. Qe2 Nc5 13. Be3 Nfd7 14. e5 Qd8 15. d4 Nxb3 16. cxb3 Nb6 17. Rc1 Ba6 18. Qd2 Qe8 19. Kf2 Qd7 20. Ne4 Rac8 21. g4 Qe6 22. f5 Qxb3 23. Bh6 Qd3 24. Bxg7 Qxd2+ 25. Nfxd2 Kxg7 26. f6+ exf6 27. exf6+ Kg8 28. Nxd6 Rc7 29. Rhe1 Nd5 30. g5 h6 31. h4 Rd8 32. Re8+ Rxe8 33. Nxe8 Rc8 34. Nd6 Rc7 35. Kf3 Bd3 36. Rc5 hxg5 37. hxg5 Bf5 38. Rxa5 Rd7 39. Nxf5 gxf5 40. Nc4 f4 41. Ne5 Rd6 42. Ra8+ Kh7 43. g6+ Kh6 44. gxf7 1-0

[Event "Zdar nad Sazavou Vysocina op 8th"]
[Site "Zdar nad Sazavou"]
[Date "2011.09.29"]
[Round "7"]
[White "Sykora, Milan"]
[Black "Lauko, Marian"]
[Result "1-0"]
[WhiteElo "1832"]
[BlackElo "1961"]
[PlyCount "85"]
[EventDate "2011.09.24"]
[EventType "swiss"]
[EventRounds "9"]
[EventCountry "CZE"]
[SourceTitle "CBM 144 Extra"]
[Source "ChessBase"]
[SourceDate "2011.10.28"]
[SourceVersion "1"]
[SourceVersionDate "2011.10.28"]
[SourceQuality "1"]

1. e4 e6 2. f4 d5 3. e5 c5 4. Nf3 Nc6 5. c3 Nge7 6. d4 cxd4 7. Nxd4 Nxd4 8. Qxd4 a6 9. Bd3 Nc6 10. Qf2 Be7 11. 0-0 0-0 12. Qc2 g6 13. Rf3 Kg7 14. g4 d4 15. Rh3 dxc3 16. bxc3 Bd7 17. Ba3 Rc8 18. Bxe7 Qxe7 19. Qf2 Na5 20. Nd2 Bc6 21. Be4 Bd5 22. f5 Qc5 23. f6+ Kg8 24. Re3 Bxe4 25. Nxe4 Qxe5 26. Qh4 h5 27. gxh5 Qxh5 28. Qxh5 gxh5 29. Rh3 Kh7 30. Rxh5+ Kg6 31. Rxa5 Rc4 32. Re1 Rd8 33. Re3 Rd5 34. Rg3+ Kh6 35. Rxd5 exd5 36. Nd6 Rc7 37. Nf5+ Kh7 38. Rg7+ Kh8 39. Ne7 Rxc3 40. h4 Rf3 41. Rxf7 Rg3+ 42. Kf2 Rg4 43. h5 1-0

[Event "Zdar nad Sazavou Vysocina op 8th"]
[Site "Zdar nad Sazavou"]
[Date "2011.09.28"]
[Round "6"]
[White "Bradac, Roman"]
[Black "Sykora, Milan"]
[Result "1/2-1/2"]
[WhiteElo "2038"]
[BlackElo "1832"]
[PlyCount "55"]
[EventDate "2011.09.24"]
[EventType "swiss"]
[EventRounds "9"]
[EventCountry "CZE"]
[SourceTitle "CBM 144 Extra"]
[Source "ChessBase"]
[SourceDate "2011.10.28"]
[SourceVersion "1"]
[SourceVersionDate "2011.10.28"]
[SourceQuality "1"]

1. c4 e5 2. Nc3 Nc6 3. g3 f5 4. Nf3 Nf6 5. Bg2 e4 6. Nh4 d5 7. cxd5 Nxd5 8. Bh3 g6 9. Qb3 Nb6 10. 0-0 g5 11. Nxf5 Bxf5 12. Bxf5 Nd4 13. Qd1 Nxf5 14. Nxe4 Qe7 15. d3 Rg8 16. Qb3 Rg6 17. Qb5+ Qd7 18. Qe5+ Be7 19. Qh8+ Bf8 20. Nf6+ Rxf6 21. Qxf6 h6 22. Qg6+ Qf7 23. Qxf7+ Kxf7 24. f4 g4 25. e4 Nd4 26. Kg2 Rd8 27. Rb1 Ne2 28. Rf2 1/2-1/2